LEADER 01639oam 2200517 450 001 9910716955903321 005 20220218090421.0 035 $a(CKB)5470000002526636 035 $a(OCoLC)1284931922 035 $a(OCoLC)995470000002526636 035 $a(EXLCZ)995470000002526636 100 $a20211109j202110 ua 0 101 0 $aeng 135 $aur||||||||||| 181 $ctxt$2rdacontent 182 $cc$2rdamedia 183 $acr$2rdacarrier 200 10$aCharacterization of Chevron nozzle performance /$fMark P. Wernet and James E. Bridges 210 1$aCleveland, Ohio :$cNational Aeronautics and Space Administration, Glenn Research Center,$dOctober 2021. 215 $a1 online resource (27 pages) $cillustrations (chiefly color) 225 1 $aNASA/TM ;$v20210020164 300 $a"October 2021." 320 $aIncludes bibliographical references (pages 26-27). 606 $aParticle image velocimetry 606 $aAeroacoustics 606 $aParticle image velocimetry$2nasat 606 $aAeroacoustics$2nasat 606 $aNozzle design$2nasat 615 0$aParticle image velocimetry. 615 0$aAeroacoustics. 615 7$aParticle image velocimetry. 615 7$aAeroacoustics. 615 7$aNozzle design. 700 $aWernet$b Mark P.$01386786 702 $aBridges$b James E. 712 02$aNASA Glenn Research Center, 801 0$bGPO 801 1$bGPO 801 2$bGPO 801 2$bOCLCO 801 2$bCZL 801 2$bGPO 906 $aBOOK 912 $a9910716955903321 996 $aCharacterization of Chevron nozzle performance$93479254 997 $aUNINA